Statistiques concernant Tous les buteurs de la Coupe du Monde 2010

Cliquez ici pour prendre le quiz!

Statistiques générales

  • Ce quiz a été pris 66 fois
  • Le résultat moyen est 29 sur 96

Statistiques - réponses

Nb butsButeurs% Correct
2Andres Iniesta
95%
1Cristiano Ronaldo
93%
5David Villa
91%
3Luis Suarez
89%
5Thomas Müller
89%
5Diego Forlan
88%
1Robin Van Persie
80%
4Miroslav Klose
79%
2Arjen Robben
77%
1Carles Puyol
73%
1Edinson Cavani
70%
2Javier Hernandez
66%
1Didier Drogba
64%
1Florent Malouda
64%
5Wesley Sneijder
64%
3Asamoah Gyan
59%
2Samuel Eto'o
59%
1Steven Gerrard
57%
2Carlos Tevez
52%
4Gonzalo Higuain
48%
2Lukas Podolski
48%
1Mesut Özil
48%
2Robinho
48%
1Clint Dempsey
43%
1Siphiwe Tshabalala
43%
2Keisuke Honda
41%
1Maicon
41%
1Dirk Kuyt
39%
1Kevin-Prince Boateng
39%
1Chu-young Park
38%
1Ji-sung Park
38%
3Landon Donovan
38%
1Yaya Touré
38%
1Giovanni Van Bronckhorst
36%
1Sulley Ali Muntari
36%
1Rafael Marquez
34%
3Luis Fabiano
32%
1Sami Khedira
32%
1Gabriel Heinze
30%
1Klaas-Jan Huntelaar
30%
1Gelson Fernandes
29%
1Jermain Defoe
23%
1Tim Cahill
23%
1Antonio Di Natale
21%
1Fabio Quagliarella
21%
1Salomon Kalou
21%
2Chung-yong Lee
20%
1Cuauhtemoc Blanco
20%
1Jeronimo Cacau
20%
2Jung-soo Lee
20%
1Raul Meireles
20%
1Hugo Almeida
18%
2Blumer Elano
16%
1Katlego Abel Mphela
16%
4Robert Vittek
16%
1Valter Birsa
16%
1Bongani Khumalo
14%
1Daniele De Rossi
14%
1Jean Beauséjour
14%
1Jon Dahl Tomasson
14%
1Michael Bradley
14%
1Simao
14%
2Tiago
14%
1Alvaro Pereira
13%
1Maxi Pereira
13%
1Silveira Juan
13%
1Vincenzo Iaquinta
13%
1Yasuhito Endo
13%
2Kalu Uche
11%
1Martin Palermo
11%
1Matthew Upson
11%
1Shinji Okazaki
11%
1Aiyegbeni Yakubu
9%
1Dennis Rommedahl
9%
1Arne Friedrich
7%
2Brett Holman
7%
1Dimitrios Salpingidis
7%
1Ji Yun-Nam
7%
1Ndri Romaric
7%
1Nicklas Bendtner
7%
1Shane Smeltz
7%
1Liedson
5%
1Marko Pantelic
5%
1Martin Demichelis
5%
1Milan Jovanovic
5%
1Vassilios Torosidis
5%
1Cristian Riveros
4%
1Kamil Kopunek
4%
1Marcell Jansen
4%
1Mark Gonzalez
4%
1Robert Koren
4%
1Rodrigo Millar
4%
1Winston Reid
4%
1Antolin Alcaraz
2%
1Enrique Vera
2%
1Zlatan Ljubijankic
2%

Distribution des résultats

Percentile par nombre de réponses

% des personnes avec chaque résultat

Votre développement - résultats

Vous n’avez pas pris ce quiz